00490nam a22001577a 450000500170000001000150001702000110003203500140004303700090005708200110006610000220007724500650009926000420016427001060020630000200031220240725161604.0 aENG-140958 c695.00 aEN-124310 bDBAD a142.00 aRALPHH. HENDERSON aBetter Business English/cJohn M. Manly [and] John A. Powell aNew DelhibThe Readers Paradisec2022 bNew Delhia103, 4787/23, Ansari Road, Daryaganj, New Delhie110002mthereadersparadisesales@gmail.com a155p.c25cm(hb)